Вопросы контроля размеров цилиндрических немагнитных изделий методом вихревых токов: Диссертация на соискание ученой степени кандидата технических наук

Bibliographic Details
Main Author: Жуков В. К.
Corporate Author: Томский политехнический институт (ТПИ)
Other Authors: Лещенко И. Г. (научный руководитель)
Language:Russian
Published: Томск, 1966
Subjects:
Format: Book
KOHA link:https://koha.lib.tpu.ru/cgi-bin/koha/opac-detail.pl?biblionumber=144069

MARC

LEADER 00000nbm0a2200000 4500
001 144069
005 20231031143524.0
035 |a (RuTPU)RU\TPU\book\156144 
090 |a 144069 
100 |a 20080929d1966 k y0rusy50 ca 
101 0 |a rus 
102 |a RU 
105 |a a m 001zy 
200 1 |a Вопросы контроля размеров цилиндрических немагнитных изделий методом вихревых токов  |e Диссертация на соискание ученой степени кандидата технических наук  |f В. К. Жуков  |g Томский политехнический институт (ТПИ) ; науч. рук. И. Г. Лещенко 
210 |a Томск  |d 1966 
215 |a 204 л.  |c ил. 
320 |a Библиогр.: с. 197-204 (79 назв.) 
610 1 |a диссертации 
610 1 |a метод вихревых токов 
610 1 |a немагнитные изделия 
610 1 |a цилиндрические изделия 
610 1 |a размеры 
610 1 |a контроль 
610 1 |a вихретоковые датчики 
610 1 |a измерительные схемы 
675 |a 621.7м:658(04)  |v 3 
700 1 |a Жуков  |b В. К. 
702 1 |a Лещенко  |b И. Г.  |4 727 
712 0 2 |a Томский политехнический институт (ТПИ)  |c (1944-1991)  |2 stltpush  |3 (RuTPU)RU\TPU\col\1123 
801 1 |a RU  |b 63413507  |c 20080929  |g PSBO 
942 |c BK